Country by Travel Advice Quiz Stats

 Plays Quiz Updated Jan 10, 2019

Score 0/30 Timer 08:00
0 Plays Today
% Correct
North Korea
88.6%
Japan
85.8%
Vietnam
82.9%
Brazil
79.1%
Jamaica
75.5%
United States
73.8%
Saudi Arabia
71.9%
Somalia
69.4%
Netherlands
66.7%
Lithuania
65.9%
Australia
65%
Nicaragua
63.7%
Switzerland
59.9%
Thailand
59%
Myanmar
58%
% Correct
India
57.4%
Haiti
55.5%
Afghanistan
55.1%
Zimbabwe
53.4%
Iceland
51.7%
The Bahamas
50.8%
Peru
48.9%
Central African Republic
44.4%
Panama
43.5%
Comoros
38.9%
Russia
38.6%
Kyrgyzstan
28.6%
Mongolia
27.7%
Kenya
26.6%
Cyprus
26.1%

You're not logged in!

Compare scores with friends on all Sporcle quizzes.
OR
Log In

Show Comments

Extras

Top Quizzes Today


Score Distribution

Your Account Isn't Verified!

In order to create a playlist on Sporcle, you need to verify the email address you used during registration. Go to your Sporcle Settings to finish the process.

Report this User

Report this user for behavior that violates our Community Guidelines.

Details: